| 000 | 00454nam a2200169 a 4500 | ||
|---|---|---|---|
| 005 | 20210223122711.0 | ||
| 008 | 991125s1965 mx 000 0 spa u | ||
| 035 | _aUPN01000040116 | ||
| 049 | _aCG | ||
| 050 | 4 |
_aN361 _aK5.4 |
|
| 100 | 1 | _aKitzinger, Ernst | |
| 245 | 1 | 0 |
_aMosaicos israelitas bizantinos / _cErnst Kitzinger. |
| 260 |
_aMéxico : _bHermes, _c1965. |
||
| 300 | _a24 p., 28 h. de láms. | ||
| 650 | 4 |
_aARTE BIZANTINO _92447 |
|
| 905 | _aLibro | ||
| 999 |
_c40116 _d40116 |
||